000 00466nam a2200157Ia 4500
008 100122s9999 xx 000 0 und d
082 _b69989
_a928
100 _aमाने लक्ष्मण
245 _aउपरा (क.क्र.9/2 )
250 _a0
260 _bग्रंथाली प्रकाशन
_c1980
300 _a166
630 _aउपरा (क.क्र.9/2 )
730 _aउपरा (क.क्र.9/2 )
942 _cBOOK
999 _c441124
_d441121